So long, see you tomorrow /

On a winter morning in the 1920s, a shot rings out on a farm in rural Illinois. A man named Lloyd Wilson has been killed. And the tenuous friendship between two lonely teenagers - one privileged yet neglected, the other a troubled farm boy - has been shattered. Fifty years later, one of those boys -...

Full description

Saved in:
Bibliographic Details
Main Author: Maxwell, William, 1908-2000.
Format: Book
Language:English
Published: New York : Knopf, 1980.
Edition:1st ed.
Subjects:
Tags: Add Tag
No Tags, Be the first to tag this record!
LEADER 01713nam a2200373 i 4500
001 000856436-1
005 20020606090541.3
008 800215s1980 nyu 00011 eng
010 |a  79002247  
020 |a 0394508351 :  |c $7.95 
035 0 |a ocm05812722 
040 |a DLC  |c DLC 
043 |a n-us-il 
050 0 0 |a PS3545.A9464  |b S6 1980 
050 0 4 |a PZ3.M4518 
100 1 |a Maxwell, William,  |d 1908-2000. 
245 1 0 |a So long, see you tomorrow /  |c William Maxwell. 
250 |a 1st ed. 
260 0 |a New York :  |b Knopf,  |c 1980. 
300 |a 135 p. ;  |c 22 cm. 
520 |a On a winter morning in the 1920s, a shot rings out on a farm in rural Illinois. A man named Lloyd Wilson has been killed. And the tenuous friendship between two lonely teenagers - one privileged yet neglected, the other a troubled farm boy - has been shattered. Fifty years later, one of those boys - now a grown man - tries to reconstruct the events that led up to the murder. In doing so, he is inevitably drawn back to his lost friend Cletus, who had the misfortune of being the son of Wilson's killer and who in the months before witnessed things that Maxwell's narrator can only guess at. 
650 0 |a Fathers and sons  |v Fiction. 
650 0 |a Teenage boys  |v Fiction. 
650 0 |a Friendship  |v Fiction. 
651 0 |a Illinois  |v Fiction. 
650 0 |a Murder  |v Fiction. 
655 0 |a Domestic fiction. 
655 7 |a Bildungsromans.  |2 gsafd 
655 7 |a Domestic fiction.  |2 lcgft 
655 7 |a Domestic fiction.  |2 fast 
655 7 |a Fiction.  |2 fast 
776 0 8 |i Online version:  |a Maxwell, William, 1908-2000.  |t So long, see you tomorrow.  |b 1st ed.  |d New York : Knopf, 1980  |w (OCoLC)647280989 
988 |a 20020608 
906 |0 DLC